Animals of Farthing Wood Deaths - Statistics

General Stats
  • This quiz has been taken 32 times
  • The average score is 13 of 17
Answer Stats
Cause of death Character % Correct
Old age Badger
96%
Shot by a hunter Baby rabbit
91%
Impaled on thorns by a shrike Baby mice
87%
Run over by a truck Hedgehogs
87%
Mrs. Rabbit
87%
Old age and coldness Mole
83%
Shot by a farmer Pheasants
83%
Illness caused by a gunshot Bold
78%
Presumably consumed by wildfire Newts
78%
Scarface
78%
Presumably mauled to death by Scarface Dreamer
74%
Eaten by Kestrel Mrs. Mouse
74%
Mrs. Hare
70%
Killed by Scarface Mrs. Vole
70%
Drinking poisonous water Great White Stag
65%
Strangled by a large rat Sinuous
65%
Bitten by Adder Bounder
52%
No matching quizzes found
Score Distribution
Percent of People with Each Score
Percentile by Number Answered
Your Score History
You have not taken this quiz